Piłkarze Parma Calcio - nagła śmierć - Statystyki

Ogólne statystyki
  • Ten quiz został rozwiązany 95 razy
  • Średni wynik to 4 z 17
Answers on the Grid
Answers color-coded by a green-red scale on the quiz's grid according to % correct below.
Fabio Cannavaro
Javier Zanetti
Gianluigi Buffon
Francesco Totti
Paolo Maldini
Filippo Inzaghi
Ciro Immobile
Adriano
Antonio Di Natale
Gennaro Gattuso
Giuseppe Rossi
Alberto Gilardino
Andrea Pirlo
Alessandro Bastoni
Ruud van Nistelrooy
Federico Dimarco
Marco Materazzi
Alessandro Del Piero
Fabio Quagliarella
Dejan Kulusevski
Giorgio Chiellini
Thierry Henry
Adrian Mutu
Claudio Marchisio
Antonio Cassano
Luca Toni
Sebastian Giovinco
David Villa
Mohamed Salah
Gervinho
Joshua Zirkzee
Samir Handanovič
Goran Pandev
Hernán Crespo
Samuel Eto’o
Juan Sebastián Verón
 
Statystyki odpowiedzi
Odpowiedź % Poprawnych
Gianluigi Buffon
81%
Fabio Cannavaro
60%
Hernán Crespo
27%
Adriano
25%
Adrian Mutu
24%
Juan Sebastián Verón
21%
Alberto Gilardino
19%
Dejan Kulusevski
17%
Filippo Inzaghi
16%
Goran Pandev
14%
Antonio Cassano
13%
Gervinho
13%
Giuseppe Rossi
11%
Federico Dimarco
10%
Sebastian Giovinco
10%
Alessandro Bastoni
8%
Joshua Zirkzee
6%
Nie znaleziono quizów pasujących do podanych kryteriów
Rozkład punktacji
Procent ludzi z każdym wynikiem
Percentyl według liczby udzielonych odpowiedzi
Twoja historia wyników
Nie rozwiązałeś tego quizu